Call Out My Name - The Weeknd Lyrics - Statistics

General Stats
  • This quiz has been taken 388 times
  • The average score is 207 of 233
Answer Stats
Hint Answer % Correct
call
99%
I
99%
i
99%
my
99%
my-
99%
2x name
99%
name?
99%
name,
99%
out
99%
so
99%
Chorus So
99%
to
99%
when
99%
you
99%
You
99%
a
96%
me
95%
on
95%
Outro On
95%
want
95%
of
94%
2x stay
94%
gently
93%
Verse We
93%
2x top,
92%
top
92%
was
92%
for
91%
kiss
91%
put
91%
time
90%
But
89%
but
89%
and
88%
And
88%
and,
88%
And,
88%
each
87%
found
87%
gave
87%
made
87%
other
87%
fall
86%
mistake
86%
your
86%
broken
85%
baby
84%
close
84%
don't
84%
were
84%
comfort
83%
Girl,
83%
girl
83%
Girl
83%
place
83%
proud
83%
why
83%
falling
82%
just
82%
times
82%
be
81%
can't
81%
'til
80%
'Til
80%
held
79%
love?
79%
said
79%
lied
78%
piece
78%
life
77%
myself
77%
2x rough,
77%
claimed
76%
2x wait
76%
another
75%
didn't
75%
mind
75%
nothing,
75%
openly
75%
openly,
75%
sure
75%
almost
74%
cut
74%
I'll
74%
feel
73%
up
73%
stop
72%
wasted
72%
Guess
71%
helped
71%
pit
70%
way
70%
even
65%
though
65%
babe
53%
Babe,
53%
Won't
51%
loving?
33%
ooh,
23%
No matching quizzes found
Score Distribution
Percent of People with Each Score
Percentile by Number Answered
Your Score History
You have not taken this quiz